00481nam a2200145Ia 4500008004100000041000800041082001200049100001500061245004100076260003900117300003200156365001100188999001700199952011900216240624s9999 xx 000 0 und d aeng a920 BOS aBOSE MIHIR aLOST HERO A BIOGRAPHY OF SUBHAS BOSE c2014aNew DelhibWide Canvas/Vikas axxvi, : 558 : p. : cm. ; 21 cRSb30 c23090d23090 00104070aIMTNbIMTNcRack 43-Bd2014-09-26eVBCg450.00o920 BOSp23090r2024-06-24 00:00:00t1w2024-06-24yBK